00430nam a2200181Ia 4500003000900000008004100009040001300050040001300063041000800076100001900084245008100103250001100184260001500195260000900210300001100219300001200230490000600242IT-RoPAU120407s9999 xx 000 0 und d aIT-RoPAU cIT-RoPAU aita aAntonio Bonora aSeguire Gesù€. Meditazioni sui testi biblici del Lezionario festivo Anno C. aTorino aElle Di Ci c1988 a280 p. c21,5 cm v1